| 000 | 00977nam a22003137i 4500 | ||
|---|---|---|---|
| 003 | EG-GICUC | ||
| 005 | 20260420165458.0 | ||
| 008 | 260420s1922 en aaaafr|||| 001 0 eng d | ||
| 040 |
_aEG-GiCUC _beng _cEG-GiCUC _dEG-GiCUC _erda |
||
| 041 | _aeng | ||
| 082 | 0 | 4 |
_221 _a343.6 _bDA . C |
| 092 | 0 | 4 | _221 |
| 099 | _aLaw1 10 343.6 DA . C 1922 | ||
| 100 | 1 |
_aDarrow, Clarence, _eAuthor. |
|
| 245 | 1 | 4 |
_aCrime : _bIts Cause and Treatment / _c by Clarence Darrow. |
| 264 | 1 |
_a London ; Calcutta ; Sydney : _bGeorge G. Harrap & Co., Ltd., _c [1922]. |
|
| 300 |
_a292pages ; _c24 cm |
||
| 336 |
_2rda content _atext |
||
| 337 |
_2rda media _aComputer |
||
| 338 |
_2rda carrier _aOnline Resource |
||
| 500 | _aIncludes index. | ||
| 546 | _a Text in English and abstract in English | ||
| 650 | 1 |
_2qrmak _aCriminal law |
|
| 650 | 1 | _2Crime | |
| 651 | 1 | _2qrmak | |
| 856 | 4 | 0 | _uhttps://fll.law.cu.edu.eg/fulltext/bks/B10-10802.pdf |
| 905 | _a167 | ||
| 942 |
_2ddc _cBK _e21 _n0 |
||
| 999 |
_c72350 _d72350 |
||